000 00810nas a2200277 4500
001 BR2012001828
003 BR-BrBNA
005 20231205120312.0
007 ta
008 230509b bl.|||p| |||| 00| 00por d
040 _aBR-BrBNA
_bpor
_cBiblioteca Nacional de Agricultura
041 _a(Pt)
072 _aL70; L74
100 1 _aDalmolin, F.
100 1 _aSchossler, J.E.W.
100 1 _aBolson, J.
100 1 _aOrnes, R.C.
245 1 _aAmputação de membro torácico devido à gangrena seca em bugio (Alouatta fusca)
650 _aMACACO
650 _aNECROSE
650 _aLESÃO
650 _aTRATAMENTO
773 0 _tA Hora Veterinária (Brazil)
_xISSN 0101-9163
_g(Nov-Dec 2004), v. 24(142) p. 69-72
_wBR2012001828
909 _a202311
_bLúcia
_c55
_dLúcia Elande
942 _2AGRIS
_n0
_cANA
999 _c217835
_d217835